000 00477cam a2200157 4500500
005 20260322014320.0
041 _afre
042 _adc
100 1 0 _aDolfi, Daniel
_eauthor
700 1 0 _aChazelas, Jean
_eauthor
245 0 0 _aOptoelectronics-microwave
260 _c2026.
500 _a81
786 0 _nElectronics | - | 2026-03-05 | p. 31-31
856 4 1 _uhttps://stm.cairn.info/electromagnetism-propagation--bdti42277210-e3332-page-31?lang=en&redirect-ssocas=7080
999 _c1788115
_d1788115